La resolucin̤ de conflictos y la mediacin̤ en el deporte

Bibliographic Details
Main Author: Pastor, Xavier
Format: eBook
Language:Spanish
Published: Barcelona: UOC, 2018
Subjects:
Online Access:Acceso restringido

MARC

LEADER 00000nam a22000007a 4500
005 20190613125539.0
007 cr|||| ||||
008 190613s2018 es |||||s|||| 00||0 spa d
020 |a 978-84-9180-165-8 
035 |a 23742 
040 |a vLex 
090 |c 8881  |d 8881 
100 1 |a Pastor, Xavier 
245 1 2 |a La resolucin̤ de conflictos y la mediacin̤ en el deporte  |h [Recurso electrn̤ico] /  |c Xavier Pastor 
256 |a Servicio en ln̕ea 
260 |a Barcelona:  |b UOC,  |c 2018 
300 |a 1 recurso electrn̤ico 
506 1 |a Disponible solo en los productos indicados  |d vLex Global  |d vLex Global (Academic Edition, excluding Law Schools)  |d vLex Global (U.S. Academic Edition, Law Schools)  |d vLex Global (U.S. Academic Edition, excluding Law Schools)  |d vLex Global (Academic Edition, Law Schools) 
650 0 4 |a Derecho Procesal  |z Espaą 
740 0 |a vLex Libros (Servicio en ln̕ea) 
856 4 0 |u http://vlex.com/source/resolucion-conflictos-mediacion-deporte-23742  |z Acceso restringido 
942 |c BOOK 
999 0 |a Procedural law